MARC

LEADER 00000nam0a2200000 4500
001 331851
005 20231102004410.0
035 |a (RuTPU)RU\TPU\book\357711 
090 |a 331851 
100 |a 20170505d1974 k y0rusy50 ca 
101 0 |a rus 
102 |a RU 
105 |a a z 001zy 
200 1 |a Физико-химические исследования в металлургии и металловедении с применением ЭВМ  |e [сборник статей]  |f Академия наук СССР (АН СССР), Институт металлургии им. А. А. Байкова (ИМЕТ) ; под ред. И. И. Новикова, А. Е. Шелест 
210 |a Москва  |c Наука  |d 1974 
215 |a 199 с.  |c ил. 
320 |a Библиография в конце статей 
606 1 |a Металлы  |x Исследование  |x Математические методы  |2 stltpush  |3 (RuTPU)RU\TPU\subj\66538  |9 82624 
610 1 |a металлургия 
610 1 |a металловедение 
610 1 |a физико-химические исследования 
610 1 |a ЭВМ 
610 1 |a применение 
610 1 |a статистические методы 
610 1 |a математические модели 
610 1 |a фазовые превращения 
610 1 |a кристаллизация 
610 1 |a напряжения 
610 1 |a деформации 
610 1 |a кинетика 
610 1 |a численные методы 
610 1 |a металлические системы 
610 1 |a статьи 
610 1 |a сборники 
675 |a 669  |v 4 
702 1 |a Новиков  |b И. И.  |4 340 
702 1 |a Шелест  |b А. Е.  |4 340 
712 0 2 |a Академия наук СССР (АН СССР)  |b Институт металлургии им. А. А. Байкова (ИМЕТ)  |c (Москва)  |2 stltpush  |3 (RuTPU)RU\TPU\col\312 
801 1 |a RU  |b 63413507  |c 20170505 
801 2 |a RU  |b 63413507  |c 20170511  |g RCR 
942 |c BK